02567nam a2200313uu 4500001000800000005001700008008004100025020001800066035001200084040001300096041000800109050000600117082000800123100005100131245017100182260010400353300001800457505047200475520087400947650003601821650002901857650006501886650006801951700004702019700005402066700004702120700004002167700004602207146835620260512101105.0170704nuuuuuuuu spa  a9789585796485 a1468356 ccomduadb aspa 4aN 4a33410aSalgado Cañaveral, Oswaldo Antonio4reseres10aPolítica pública de economía solidaria en el contexto de planeación local y presupuesto participativo de Medellín 2008-2015 : evaluación de su efectividad bPersonería de Medellín ;aMedellín :bFundación Universitaria Luis Amigó (FUNLAM),c2015. a201 páginas aCONTENIDO: 1. Memoria metodológica -- 2. La política pública de economía solidaria: desarrollos y perspectiva -- 3. Contexto de economía solidaria para la interpretación de la política pública de economía solidaria en Medellín desde la perspectiva de los planes de desarrollo para Medellín del 2008-2014 -- 4. Sentidos y significados de la efectividad de la política pública de economía solidaria en Medellín: una perspectiva evaluativa.3 aRESUMEN: El presente libro es resultado de la investigación denominada "Evaluación de la efectividad de la política pública de economía solidaria 2008-2015, según indicadores de planes de desarrollo 2008-2011(Medellín es solidaria y competitiva) y 2012-2015 (Medellín un hogar para la vida)", realizada en convenio entre la personería de Medellín y los grupos de investigación Economía Solidaria -ECOSOL- y Gestión de Organizaciones -GORAS- de la fundación Universitaria Luis Amigó-Funlam-, la cual obedece al interés de analizar los resultados en la ejecución de la política pública de economía solidaria, desde los dos últimos planes de desarrollo de la ciudad de Medellín y reconocer los efectos de corto y mediano plazo producidos por el programa de planeación local -PL- y presupuesto participativo -PP- del Municipio. aEconomía solidaria - Medellin aPlanificación regional aPresupuesto participativo - Medellín (Antioquia, Colombia) 7aPolíticas públicaszMedellín (Antioquia, Colombia)2embne10aArboleda Álvarez, Olga Lucía4reseres10aÁlzate Cárdenas, Martha del Socorro4reseres10aPeralta Robledo, Guiomar Bibiana4reseres10aPareja Mesa, Martha Ligia4reseres10aZabala Salazar, Hernando Emilio4auieaui